English a : (Record no. 367523)
[ view plain ]
| 000 -LEADER | |
|---|---|
| fixed length control field | 01769nam a22002417a 4500 |
| 003 - CONTROL NUMBER IDENTIFIER | |
| control field | 0 |
| 005 - DATE AND TIME OF LATEST TRANSACTION | |
| control field | 20250822162959.0 |
| 008 - FIXED-LENGTH DATA ELEMENTS--GENERAL INFORMATION | |
| fixed length control field | 250818b xxu||||| |||| 00| 0 eng d |
| 020 ## - INTERNATIONAL STANDARD BOOK NUMBER | |
| International Standard Book Number | 978-1-382-00716-0 |
| 050 ## - LIBRARY OF CONGRESS CALL NUMBER | |
| Classification number | TR IB PE 1114 |
| Item number | .C435 2021 |
| 100 ## - MAIN ENTRY--PERSONAL NAME | |
| Personal name | Chanen, Brian, |
| Relator term | author. |
| 245 ## - TITLE STATEMENT | |
| Title | English a : |
| Remainder of title | language and literature: IB diploma programme / |
| Statement of responsibility, etc | Brian Chanen & Rob Allison. |
| 260 ## - PUBLICATION, DISTRIBUTION, ETC. (IMPRINT) | |
| Place of publication, distribution, etc | Oxford, United Kingdom : |
| Name of publisher, distributor, etc | Oxford University Press, |
| Date of publication, distribution, etc | 2021. |
| 300 ## - PHYSICAL DESCRIPTION | |
| Extent | iii, 192 pages : |
| Other physical details | color illustrations ; |
| Dimensions | 30 cm. |
| 500 ## - GENERAL NOTE | |
| General note | Oxford IB Prepared.<br/>IB Diploma Programme. |
| 504 ## - BIBLIOGRAPHY, ETC. NOTE | |
| Bibliography, etc | Includes bibliographical references and index. |
| 650 ## - SUBJECT ADDED ENTRY--TOPICAL TERM | |
| Topical term or geographic name as entry element | English language |
| Form subdivision | Study and teaching (Secondary) |
| -- | International Baccalaureate |
| -- | Textbooks. |
| 650 ## - SUBJECT ADDED ENTRY--TOPICAL TERM | |
| Topical term or geographic name as entry element | English literature |
| Form subdivision | Study and teaching (Secondary) |
| -- | International Baccalaureate |
| -- | Textbooks. |
| 650 ## - SUBJECT ADDED ENTRY--TOPICAL TERM | |
| Topical term or geographic name as entry element | English language |
| Form subdivision | Rhetoric |
| -- | Study and teaching (Secondary) |
| -- | Study guides. |
| 650 ## - SUBJECT ADDED ENTRY--TOPICAL TERM | |
| Topical term or geographic name as entry element | English language |
| Form subdivision | Examinations |
| -- | Study guides. |
| 700 ## - ADDED ENTRY--PERSONAL NAME | |
| Personal name | Allison, Rob, |
| Relator term | author. |
| 942 ## - ADDED ENTRY ELEMENTS (KOHA) | |
| Source of classification or shelving scheme | Library of Congress Classification |
| Koha item type | Books |
| Withdrawn status | Lost status | Source of classification or shelving scheme | Damaged status | Home library | Current library | Shelving location | Date acquired | Source of acquisition | Total Checkouts | Full call number | Barcode | Date last seen | Date checked out | Price effective from | Koha item type |
|---|---|---|---|---|---|---|---|---|---|---|---|---|---|---|---|
| Library of Congress Classification | Luxembourg Library | Luxembourg Library | Teachers Reference Section | 08/11/2025 | Library Fund | 1 | TR IB PE 1114 .C435 2021 | IB0328 | 02/16/2026 | 08/19/2025 | 08/11/2025 | Books |